000 00510pab a2200169 454500
008 180718b2010 xxu||||| |||| 00| 0 eng d
100 _aBanerjee, Abhijit et al.
245 _aPitfalls of participatory programs: evidence from a randomized evaluation in education in India
260 _c2010
300 _ap.1-30.
362 _aFeb
650 _aEducational evaluation - India
650 _aEducational evaluation
773 _aAmerican Economic Journal: Economic Policy
908 _aN
909 _a86100
999 _c86100
_d86100